Das Konzertpublikum der Zukunft : Forschungsperspektiven, Praxisreflexionen und Verortungen im Spannungsfeld einer sich verändernden Gesellschaft.

Bibliographic Details
Main Author: Müller-Brozovic, Irena.
Other Authors: Weber, Barbara Balba.
Format: eBook
Language:German
Published: Bielefeld : transcript, 2021.
Edition:1st ed.
Series:Forum Musikvermittlung - Perspektiven aus Forschung und Praxis
Subjects:
Online Access:Click to View
LEADER 02332nam a22003973i 4500
001 EBC6956195
003 MiAaPQ
005 20231204023223.0
006 m o d |
007 cr cnu||||||||
008 231204s2021 xx o ||||0 ger d
020 |a 9783839452769  |q (electronic bk.) 
020 |z 9783837652765 
035 |a (MiAaPQ)EBC6956195 
035 |a (Au-PeEL)EBL6956195 
035 |a (OCoLC)1291713272 
040 |a MiAaPQ  |b eng  |e rda  |e pn  |c MiAaPQ  |d MiAaPQ 
100 1 |a Müller-Brozovic, Irena. 
245 1 4 |a Das Konzertpublikum der Zukunft :  |b Forschungsperspektiven, Praxisreflexionen und Verortungen im Spannungsfeld einer sich verändernden Gesellschaft. 
250 |a 1st ed. 
264 1 |a Bielefeld :  |b transcript,  |c 2021. 
264 4 |c {copy}2021. 
300 |a 1 online resource (233 pages) 
336 |a text  |b txt  |2 rdacontent 
337 |a computer  |b c  |2 rdamedia 
338 |a online resource  |b cr  |2 rdacarrier 
490 1 |a Forum Musikvermittlung - Perspektiven aus Forschung und Praxis 
505 0 |a Cover -- Inhalt -- Zum Geleit -- Vorwort -- Einleitung -- Ausgangsposition -- »Das Konzertpublikum von morgen« -- Interaktion -- Resonanzaffine Public Relations -- Eine Dramaturgie der Nähe -- #freeAudience -- Transformation -- Eine Konzerttheorie -- Musikvermittlung für Erwachsene als kontextuelle Praxis vor und im Konzert -- Wechselwirkungen -- Lokalisation -- Intensität und narkotische Wirkung von Musik -- Neue Musik zwischen Kuhweide und Stadtpalais -- Zu Gast beim Publikum -- Das Foyer Public des Theater Basel -- Zukunftsvision -- Das Konzert ist tot! Oder war das gestern? -- Autor*innen. 
588 |a Description based on publisher supplied metadata and other sources. 
590 |a Electronic reproduction. Ann Arbor, Michigan : ProQuest Ebook Central, 2023. Available via World Wide Web. Access may be limited to ProQuest Ebook Central affiliated libraries.  
655 4 |a Electronic books. 
700 1 |a Weber, Barbara Balba. 
776 0 8 |i Print version:  |a Müller-Brozovic, Irena  |t Das Konzertpublikum der Zukunft  |d Bielefeld : transcript,c2021  |z 9783837652765 
797 2 |a ProQuest (Firm) 
830 0 |a Forum Musikvermittlung - Perspektiven aus Forschung und Praxis 
856 4 0 |u https://ebookcentral.proquest.com/lib/matrademy/detail.action?docID=6956195  |z Click to View